Interacción evangelio-cultura : elementos para una comprensión de la doctrina social de la Iglesia /
Interacción evangelio-cultura es una publicación quincenal de la Obra Nacional de la Buena Prensa en México. El presente número 78 del 31 de octubre de 1985, plantea una reflexión sobre la enseñanza social del magisterio de la Iglesia.
Zapisane w:
| 1. autor: | |
|---|---|
| Kolejni autorzy: | , , |
| Format: | Książka |
| Język: | hiszpański |
| Hasła przedmiotowe: | |
| Etykiety: |
Nie ma etykietki, Dołącz pierwszą etykiete!
|
MARC
| LEADER | 00000nam^a2200000^a^4500 | ||
|---|---|---|---|
| 001 | 000318000 | ||
| 005 | 20250521000000.0 | ||
| 009 | 20260310113359.331 | ||
| 025 | |a Donación Jesús Vergara Aceves, 1 ejemplar | ||
| 037 | |a Acervo Xavier Clavigero | ||
| 041 | |a ESP | ||
| 082 | |a 205. |b INT V. 78 | ||
| 100 | |a Soria, Carlos |e (autor) | ||
| 240 | 1 | 1 | |a [Interacción evangelio-cultura] |
| 245 | 1 | 0 | |a Interacción evangelio-cultura : |b elementos para una comprensión de la doctrina social de la Iglesia / |c C. Soria ; dir. de R. Moya García ; tr. por P. Aguirre Espinosa, A. González Morfín. |
| 264 | |a México : |b Buena Prensa, |c 1984 | ||
| 300 | |a 28 p. | ||
| 336 | |a texto |b txt |2 rdacontenido | ||
| 337 | |a sin mediación |b n |2 rdamedio | ||
| 338 | |a volumen |b nc |2 rdasoporte | ||
| 520 | |a Interacción evangelio-cultura es una publicación quincenal de la Obra Nacional de la Buena Prensa en México. El presente número 78 del 31 de octubre de 1985, plantea una reflexión sobre la enseñanza social del magisterio de la Iglesia. | ||
| 649 | |a XX | ||
| 650 | |a Religión - |x Publicaciones Periódicas Mexicanas - |x Tema Principal | ||
| 650 | |a Iglesia y Problemas Sociales | ||
| 650 | |a Iglesia Católica - |x Documentos Doctrinales - |x Historia y Crítica | ||
| 650 | |a Teología Social - |x Tema Principal | ||
| 650 | |a Catolicismo | ||
| 650 | |a Cristianismo | ||
| 650 | |a Publicaciones Periódicas Mexicanas | ||
| 700 | |a Moya García, Rafael |e (dir) | ||
| 700 | |a Aguirre Espinosa, Pedro |e (traducción) | ||
| 700 | |a González Morfín, Adalberto |e (traducción) | ||
| 910 | |a Fondo Jesús Vergara Aceves S.J. | ||
| 920 | |a Impresos - Libros | ||
| 930 | |a Fondos Especiales | ||
| 905 | |a 119 | ||
| 901 | |a 0500204960 |b IT2 |c ESP |i D |u 20250521 | ||
| 902 | |a https://opac.biblio.iteso.mx/vufind/Record/000318000 | ||